00504 2200217 4500001002100000005001500021035002000036245004200056100001300098300002800111260003100139082000800170084001400178020002200192990001200214990001200226990001200238990001200250990001200262990001200274INLIS00000000000311320251015020158 a0010-10250000171 aX-Press TKA SMA/MA Fisika /cSiswanto0 aSiswanto a132 hlm ;c21 x 25,5 cm aJakarta :bErlangga,c2025 a530 a530 SIS x a978-623-522-769-6 a0755725 a0755726 a0755727 a0755728 a0755729 a0755730